[Event "Cto. España CECLUB 1ª División Grupo A"]
[Site "Barberá del Vallés (ESP)"]
[Date "2009.08.12"]
[Round "2.2"]
[White "Ibanez Aullana, Jose Ramon"]
[Black "Escandell Mari, Juan Carlos"]
[Result "1-0"]
[WhiteElo "2273"]
[BlackElo "2301"]
[PlyCount "99"]
[EventDate "2009.08.11"]
[EventType "team"]
[EventRounds "3"]
[EventCountry "ESP"]
[Source "Arranz, Pablo"]
[SourceDate "2009.08.11"]
[WhiteTeam "Alzira-Alzicapital"]
[BlackTeam "Cerdanyolas del Valles"]
[WhiteTeamCountry "ESP"]
[BlackTeamCountry "ESP"]

1. c4 Nf6 2. Nc3 e5 3. g3 Bb4 4. Nf3 Nc6 5. Nd5 Bc5 6. d3 Ng4 7. e3 O-O 8. a3
a5 9. Bd2 d6 10. b4 Ba7 11. b5 Ne7 12. h3 Nh6 13. Bc3 c6 14. Nxe7+ Qxe7 15. d4
exd4 16. Bxd4 Bxd4 17. Nxd4 c5 18. Nc2 Qe4 19. f3 Qe5 20. Kf2 Be6 21. f4 Qc3
22. Qd3 Qxd3 23. Bxd3 d5 24. cxd5 Bxd5 25. e4 c4 26. exd5 cxd3 27. Ne3 Rac8 28.
Rac1 f6 29. Rhd1 Rfd8 30. Rxc8 Rxc8 31. Rxd3 Nf7 32. d6 Rc5 33. a4 Kf8 34. Rd4
Ke8 35. Nc4 Kd7 36. Nxa5 Rc2+ 37. Ke3 Nd8 38. f5 g6 39. Rc4 Ra2 40. Rd4 gxf5
41. Nc4 h6 42. Nb6+ Ke6 43. d7 Ra1 44. h4 Re1+ 45. Kd3 Rd1+ 46. Kc3 Rc1+ 47.
Kb4 Ra1 48. a5 f4 49. gxf4 h5 50. Nc4 1-0

[Event "Cto. España CECLUB 1ª División Grupo A"]
[Site "Barberá del Vallés (ESP)"]
[Date "2009.08.13"]
[Round "3.1"]
[White "Wojtaszek, Radoslaw"]
[Black "Burmakin, Vladimir"]
[Result "1/2-1/2"]
[WhiteElo "2637"]
[BlackElo "2627"]
[PlyCount "131"]
[EventDate "2009.08.11"]
[EventType "team"]
[EventRounds "3"]
[EventCountry "ESP"]
[Source "Arranz, Pablo"]
[SourceDate "2009.08.11"]
[WhiteTeam "Alzira-Alzicapital"]
[BlackTeam "Servigar Binissalem"]
[WhiteTeamCountry "ESP"]
[BlackTeamCountry "ESP"]

1. d4 c6 2. c4 d5 3. Nf3 Nf6 4. Nc3 a6 5. e3 b5 6. c5 g6 7. Ne5 Bg7 8. Be2 Nfd7
9. f4 Nxe5 10. fxe5 O-O 11. O-O a5 12. e4 dxe4 13. Nxe4 Be6 14. a4 b4 15. Be3
Bd5 16. Nd2 Na6 17. Nc4 Nc7 18. Nb6 Ra7 19. Bf3 Bxf3 20. Qxf3 Nd5 21. Nxd5 Qxd5
22. Qxd5 cxd5 23. Rac1 Rc8 24. Kf2 Rc6 25. Ke2 f6 26. exf6 exf6 27. Kd3 Re7 28.
Bf4 Kf7 29. Rce1 Rxe1 30. Rxe1 Bf8 31. g4 g5 32. Bg3 Be7 33. h4 h6 34. Rh1 Kg7
35. Rf1 Kf7 36. Be1 Rc8 37. Rh1 Kg7 38. Bd2 Kg6 39. Be3 Bd8 40. hxg5 hxg5 41.
Rf1 Bc7 42. Rf5 Rd8 43. Ke2 Rd7 44. Kd3 Rd8 45. Bd2 Rd7 46. Kc2 Rd8 47. Kb3 Kg7
48. Kc2 Kg6 49. Kd3 Kg7 50. Be3 Kg6 51. Rf1 Rh8 52. Rf5 Rd8 53. Ke2 Kg7 54. Kf3
Kg6 55. Bf2 Kf7 56. Bg3 Bxg3 57. Kxg3 Ke6 58. Rf1 Rh8 59. Rc1 Rh7 60. Kg2 Kd7
61. Rf1 Ke6 62. Kg3 Rh6 63. Re1+ Kd7 64. b3 Rh7 65. Rf1 Ke6 66. Rh1 1/2-1/2

[Event "Cto. España CECLUB 1ª División Grupo A"]
[Site "Barberá del Vallés (ESP)"]
[Date "2009.08.13"]
[Round "3.1"]
[White "Bellon Lopez, Juan Manuel"]
[Black "Macieja, Bartlomiej"]
[Result "0-1"]
[WhiteElo "2445"]
[BlackElo "2612"]
[PlyCount "94"]
[EventDate "2009.08.11"]
[EventType "team"]
[EventRounds "3"]
[EventCountry "ESP"]
[Source "Arranz, Pablo"]
[SourceDate "2009.08.11"]
[WhiteTeam "Servigar Binissalem"]
[BlackTeam "Alzira-Alzicapital"]
[WhiteTeamCountry "ESP"]
[BlackTeamCountry "ESP"]

1. d4 e6 2. Nf3 c5 3. e3 Nf6 4. c4 d5 5. Nc3 cxd4 6. exd4 Bb4 7. Qb3 Nc6 8. Bg5
O-O 9. Rd1 h6 10. Bxf6 Qxf6 11. Be2 dxc4 12. Qxc4 Bxc3+ 13. Qxc3 Bd7 14. Ne5
Rfd8 15. O-O Rac8 16. Bf3 Be8 17. Qe3 Qg5 18. Bxc6 Bxc6 19. Nxc6 Rxc6 20. f4
Qa5 21. a3 Qb6 22. Rd2 Rd5 23. Rfd1 Rcd6 24. Kf2 Rb5 25. g3 Rb3 26. Qe2 a5 27.
Rc2 Rxd4 28. Rxd4 Qxd4+ 29. Kg2 g6 30. Rd2 Qe3 31. Qxe3 Rxe3 32. Kf2 Rb3 33.
Ke2 g5 34. fxg5 hxg5 35. Kd1 Kg7 36. Kc2 a4 37. Re2 Kf6 38. Rf2+ Ke7 39. g4 b5
40. Kc1 f6 41. Kd1 Kf7 42. Kc1 Re3 43. Kd2 Re4 44. h3 Rf4 45. Rxf4 gxf4 46. h4
e5 47. Kd3 f3 0-1

[Event "Cto. España CECLUB 1ª División Grupo A"]
[Site "Barberá del Vallés (ESP)"]
[Date "2009.08.13"]
[Round "3.1"]
[White "Sanchez Guirado, Francisco"]
[Black "Mascaro March, Pedro"]
[Result "1-0"]
[WhiteElo "2393"]
[BlackElo "2382"]
[PlyCount "77"]
[EventDate "2009.08.11"]
[EventType "team"]
[EventRounds "3"]
[EventCountry "ESP"]
[Source "Arranz, Pablo"]
[SourceDate "2009.08.11"]
[WhiteTeam "Alzira-Alzicapital"]
[BlackTeam "Servigar Binissalem"]
[WhiteTeamCountry "ESP"]
[BlackTeamCountry "ESP"]

1. d4 Nf6 2. c4 e6 3. g3 c5 4. Nf3 cxd4 5. Nxd4 Nc6 6. Bg2 Qb6 7. e3 Bc5 8. Nb3
Bb4+ 9. Nc3 Ne5 10. Qe2 Qc7 11. Nd2 Bxc3 12. bxc3 d5 13. cxd5 Qxc3 14. O-O exd5
15. Rb1 O-O 16. Bb2 Qc7 17. Rfc1 Qe7 18. Bd4 Rd8 19. Bc5 Qe8 20. f4 Bg4 21. Qf1
Ned7 22. Bd4 b6 23. f5 Ne4 24. Qf4 Nxd2 25. Qxg4 Ne5 26. Qf4 Nxb1 27. Bxe5 Nd2
28. f6 Ne4 29. fxg7 f6 30. Bd4 Rac8 31. Rd1 Rc6 32. Bh3 Rc2 33. Rf1 Rd6 34. Bf5
Qh5 35. g4 Qe8 36. g5 Rdc6 37. gxf6 Qf7 38. Qb8+ Rc8 39. Bxc8 1-0

[Event "Cto. España CECLUB 1ª División Grupo A"]
[Site "Barberá del Vallés (ESP)"]
[Date "2009.08.13"]
[Round "3.1"]
[White "Munoz Agullo, Jose Francisco"]
[Black "Ibanez Aullana, Jose Ramon"]
[Result "1/2-1/2"]
[WhiteElo "2279"]
[BlackElo "2273"]
[PlyCount "110"]
[EventDate "2009.08.11"]
[EventType "team"]
[EventRounds "3"]
[EventCountry "ESP"]
[Source "Arranz, Pablo"]
[SourceDate "2009.08.11"]
[WhiteTeam "Servigar Binissalem"]
[BlackTeam "Alzira-Alzicapital"]
[WhiteTeamCountry "ESP"]
[BlackTeamCountry "ESP"]

1. c4 Nf6 2. Nc3 e5 3. Nf3 Nc6 4. e3 Be7 5. d4 d6 6. Be2 O-O 7. d5 Nb8 8. e4
Ne8 9. h3 g6 10. Bh6 Ng7 11. g4 Nd7 12. Rg1 Nf6 13. Qd2 Kh8 14. O-O-O a6 15.
Bd3 Bd7 16. Ne2 c6 17. Ng3 b5 18. Kb1 bxc4 19. Bxc4 cxd5 20. Bxd5 Nxd5 21. Qxd5
Be6 22. Qd2 Rg8 23. Ng5 Qb6 24. Rc1 Rab8 25. Rc2 a5 26. Nf1 Qb4 27. Ne3 Bxg5
28. Qxb4 Rxb4 29. Bxg5 Rxe4 30. Rd1 Rd4 31. Rcd2 Rxd2 32. Rxd2 Ne8 33. Be7 Kg7
34. b3 h6 35. Kb2 f5 36. Bxd6 Kf6 37. f3 f4 38. Nc4 Nxd6 39. Rxd6 Kg5 40. Kc3
Kh4 41. Kd3 Bxc4+ 42. bxc4 Kxh3 43. c5 Kg3 44. Ke4 h5 45. gxh5 gxh5 46. c6 h4
47. c7 Rc8 48. Rg6+ Kf2 49. Rg7 h3 50. Rh7 Kg2 51. Rg7+ Kf2 52. Rh7 Kg2 53.
Kxe5 Kxf3 54. Rxh3+ Kg2 55. Rh7 Kg3 1/2-1/2

[Event "Cto. España CECLUB 1ª División Grupo A"]
[Site "Barberá del Vallés (ESP)"]
[Date "2009.08.13"]
[Round "3.2"]
[White "Georgiev, Kiril"]
[Black "Peralta, Fernando"]
[Result "1-0"]
[WhiteElo "2645"]
[BlackElo "2574"]
[PlyCount "90"]
[EventDate "2009.08.11"]
[EventType "team"]
[EventRounds "3"]
[EventCountry "ESP"]
[Source "Arranz, Pablo"]
[SourceDate "2009.08.11"]
[WhiteTeam "Sestao Naturgas Energía"]
[BlackTeam "Cerdanyolas del Valles"]
[WhiteTeamCountry "ESP"]
[BlackTeamCountry "ESP"]

1. d4 d5 2. c4 c6 3. Nf3 Nf6 4. Nc3 dxc4 5. a4 Bf5 6. Ne5 Nbd7 7. Nxc4 Qc7 8.
g3 e5 9. dxe5 Nxe5 10. Bf4 Nfd7 11. Bg2 f6 12. O-O Be6 13. Nxe5 Nxe5 14. Qc2
Qa5 15. Rfd1 Be7 16. Ne4 O-O 17. Bd2 Qa6 18. Be3 Qc4 19. Rdc1 Qxc2 20. Rxc2 a5
21. Bc5 Kf7 22. f4 Nc4 23. Bxe7 Kxe7 24. Nc5 Ne3 25. Rc3 Nxg2 26. Kxg2 Bd5+ 27.
e4 Bf7 28. Rd1 b6 29. Nb7 c5 30. Rcd3 Be8 31. b3 Bc6 32. Kf2 g6 33. Rd6 Rfc8
34. f5 Bxb7 35. Rd7+ Kf8 36. Rxb7 Rd8 37. Rxd8+ Rxd8 38. Rxb6 Rd2+ 39. Ke3 Rxh2
40. fxg6 hxg6 41. Rxf6+ Kg7 42. Rc6 Rc2 43. Kf4 Kf7 44. g4 Rc3 45. g5 Kg7 1-0

[Event "Cto. España CECLUB 1ª División Grupo A"]
[Site "Barberá del Vallés (ESP)"]
[Date "2009.08.13"]
[Round "3.2"]
[White "Lafuente, Pablo"]
[Black "Moiseenko, Alexander"]
[Result "0-1"]
[WhiteElo "2562"]
[BlackElo "2682"]
[PlyCount "90"]
[EventDate "2009.08.11"]
[EventType "team"]
[EventRounds "3"]
[EventCountry "ESP"]
[Source "Arranz, Pablo"]
[SourceDate "2009.08.11"]
[WhiteTeam "Cerdanyolas del Valles"]
[BlackTeam "Sestao Naturgas Energía"]
[WhiteTeamCountry "ESP"]
[BlackTeamCountry "ESP"]

1. d4 Nf6 2. c4 e6 3. Nc3 Bb4 4. e3 O-O 5. Bd3 d5 6. Nge2 dxc4 7. Bxc4 Nc6 8.
a3 Bxc3+ 9. Nxc3 e5 10. d5 Ne7 11. e4 Ne8 12. Ba2 Nd6 13. f4 exf4 14. e5 Ng6
15. exd6 Re8+ 16. Kf2 cxd6 17. g3 Ne5 18. h3 Qb6+ 19. Kg2 f3+ 20. Kf1 Bd7 21.
Bb1 Rac8 22. a4 Rc4 23. Qc2 g6 24. Qf2 Qc7 25. Kg1 Qc8 26. Bf4 Bxh3 27. Bxe5
Rxe5 28. Bd3 Rb4 29. Bf1 Bg4 30. Rh2 a6 31. Rd1 h5 32. Rd4 Qc5 33. Rf4 Qa5 34.
Bh3 f5 35. Bxg4 fxg4 36. Rd4 Qb6 37. Rd1 Rxb2 38. Qxb6 Rxb6 39. Rhd2 Rb3 40.
Rd3 Re2 41. Kf1 Rbb2 42. Rb1 Rf2+ 43. Ke1 Rbc2 44. Rxb7 Rg2 45. Kd1 f2 0-1

[Event "Cto. España CECLUB 1ª División Grupo A"]
[Site "Barberá del Vallés (ESP)"]
[Date "2009.08.13"]
[Round "3.2"]
[White "Romero Holmes, Alfonso"]
[Black "Del Rey, Diego"]
[Result "1/2-1/2"]
[WhiteElo "2512"]
[BlackElo "2420"]
[PlyCount "78"]
[EventDate "2009.08.11"]
[EventType "team"]
[EventRounds "3"]
[EventCountry "ESP"]
[Source "Arranz, Pablo"]
[SourceDate "2009.08.11"]
[WhiteTeam "Sestao Naturgas Energía"]
[BlackTeam "Cerdanyolas del Valles"]
[WhiteTeamCountry "ESP"]
[BlackTeamCountry "ESP"]

1. e4 e5 2. Nf3 Nf6 3. Nc3 d6 4. d4 Nbd7 5. Bd3 Be7 6. O-O O-O 7. Re1 c6 8. b3
exd4 9. Nxd4 Nc5 10. Bf1 a5 11. a4 Re8 12. Bb2 Bf8 13. Qf3 Re5 14. h3 Qe8 15.
Qf4 Nfxe4 16. Nf3 Re7 17. Nxe4 Rxe4 18. Ng5 Re7 19. Ba3 h6 20. Bxc5 dxc5 21.
Nf3 Be6 22. Re3 Qb8 23. Qh4 Qd8 24. Rae1 Rd7 25. Qe4 Qf6 26. Bd3 g6 27. Qe5 Kg7
28. Qxf6+ Kxf6 29. Ne5 Rd6 30. Nc4 Rdd8 31. Nb6 Rab8 32. Bc4 Bd5 33. Nxd5+ cxd5
34. Bb5 Rd6 35. Rf3+ Kg7 36. Rd3 Rbd8 37. Kf1 f5 38. Re5 Kf6 39. Rde3 h5
1/2-1/2

[Event "Cto. España CECLUB 1ª División Grupo A"]
[Site "Barberá del Vallés (ESP)"]
[Date "2009.08.13"]
[Round "3.2"]
[White "Escandell Mari, Juan Carlos"]
[Black "Gomez Esteban, Juan Mario"]
[Result "0-1"]
[WhiteElo "2301"]
[BlackElo "2478"]
[PlyCount "90"]
[EventDate "2009.08.11"]
[EventType "team"]
[EventRounds "3"]
[EventCountry "ESP"]
[Source "Arranz, Pablo"]
[SourceDate "2009.08.11"]
[WhiteTeam "Cerdanyolas del Valles"]
[BlackTeam "Sestao Naturgas Energía"]
[WhiteTeamCountry "ESP"]
[BlackTeamCountry "ESP"]

1. e4 c6 2. d4 d5 3. Nc3 dxe4 4. Nxe4 Bf5 5. Ng3 Bg6 6. h4 h6 7. Nf3 Nd7 8. h5
Bh7 9. Bd3 Bxd3 10. Qxd3 e6 11. Bf4 Bb4+ 12. c3 Be7 13. Ne4 Ngf6 14. Nxf6+ Nxf6
15. Ne5 Qd5 16. f3 O-O 17. Qc4 c5 18. O-O-O Rfc8 19. Kb1 Qxc4 20. Nxc4 Nd5 21.
Bc1 cxd4 22. Rxd4 Rc5 23. Ne3 Bf6 24. Rc4 Rxc4 25. Nxc4 Rc8 26. Nd6 Rc6 27. Ne4
Be5 28. g4 f5 29. Nf2 Kf7 30. Nd3 Bd6 31. Rg1 Rc4 32. Bd2 fxg4 33. fxg4 Nf6 34.
Be3 Rxg4 35. Rxg4 Nxg4 36. Bxa7 Nf6 37. a4 Nxh5 38. b4 Nf4 39. Nc5 Nd5 40. Kc2
b6 41. Nd7 Bc7 42. Kb3 h5 43. c4 h4 44. cxd5 h3 45. d6 Bxd6 0-1

[Event "CAMPEONATO ESPAÑA EQUIPOS - CEBLUB PRIME"]
[Site "Barbera del Valles"]
[Date "2009.08.14"]
[Round "2"]
[White "GEORGIEV, Kiril"]
[Black "MARIN, Mihail"]
[Result "0-1"]
[WhiteElo "2645"]
[BlackElo "2583"]
[PlyCount "148"]
[EventDate "2009.08.13"]
[EventType "team"]
[EventRounds "3"]
[EventCountry "ESP"]
[WhiteTeam "C.A SESTA0 NATURGAS ENERGIA "]
[BlackTeam "FOMENT MARTINENC"]

1. Nf3 Nf6 2. c4 c5 3. Nc3 e6 4. g3 b6 5. Bg2 Bb7 6. O-O a6 7. d4 cxd4 8. Qxd4
d6 9. Rd1 Nbd7 10. Be3 Be7 11. Qd2 O-O 12. Bf4 Ne8 13. Rac1 Rc8 14. b3 h6 15.
Ne1 Bxg2 16. Kxg2 Qc7 17. f3 Qb7 18. Ne4 Nc5 19. Nf2 b5 20. Ned3 Nf6 21. Nxc5
dxc5 22. Qc2 Rfd8 23. Nd3 Nd7 24. Nf2 Nf6 25. Be5 Qc6 26. Rxd8+ Rxd8 27. Bxf6
Bxf6 28. cxb5 Qxb5 29. Ne4 Be7 30. Qc4 Rd5 31. Qxb5 axb5 32. Rc2 b4 33. Nd2 Kf8
34. Kf2 Ke8 35. Nc4 f5 36. Rd2 Kf7 37. e3 Kf6 38. Ke2 Bd8 39. Nd6 g6 40. Rd3
Ke7 41. Nc4 Bc7 42. Nd2 Be5 43. e4 Rd4 44. f4 fxe4 45. Re3 Bd6 46. Rxe4 Rd5 47.
Nc4 Bc7 48. Re3 Rh5 49. h4 Rd5 50. Rd3 Rf5 51. Ne3 Rf8 52. Ng4 Ra8 53. Rd2 e5
54. Nxh6 exf4 55. g4 Be5 56. Kf3 c4 57. Re2 Ke6 58. g5 c3 59. Ng4 Ra5 60. Rc2
Rd5 61. Re2 Kd6 62. Nf2 Rd4 63. Rc2 Ke6 64. Ng4 Bg7 65. Re2+ Kf5 66. Nf2 Be5
67. Rc2 Rd5 68. Re2 Rd8 69. Rc2 Rd7 70. Re2 Rd5 71. Rc2 Bb8 72. Re2 Ba7 73. h5
Bxf2 74. Rxf2 Rd3+ 0-1

[Event "CAMPEONATO ESPAÑA EQUIPOS - CEBLUB PRIME"]
[Site "Barbera del Valles"]
[Date "2009.08.14"]
[Round "2"]
[White "LLANEZA VEGA, Marcos"]
[Black "MOISEENKO, Alexander"]
[Result "0-1"]
[WhiteElo "2521"]
[BlackElo "2682"]
[PlyCount "156"]
[EventDate "2009.08.13"]
[EventType "team"]
[EventRounds "3"]
[EventCountry "ESP"]
[WhiteTeam "FOMENT MARTINENC"]
[BlackTeam "C.A SESTA0 NATURGAS ENERGIA "]

1. e4 c5 2. Nf3 Nc6 3. d4 cxd4 4. Nxd4 e5 5. Nb5 d6 6. N1c3 a6 7. Na3 Be7 8.
Nc4 b5 9. Ne3 Nf6 10. Bd3 O-O 11. a4 bxa4 12. Rxa4 a5 13. Ncd5 Nb4 14. Nxe7+
Qxe7 15. O-O Be6 16. c3 Nxd3 17. Qxd3 Qd7 18. Ra1 Qc6 19. f3 d5 20. exd5 Nxd5
21. Qe4 f6 22. Rd1 Rfd8 23. c4 Nb4 24. Rxd8+ Rxd8 25. Rxa5 Qxe4 26. fxe4 Nd3
27. Ra1 Rd4 28. Nf5 Bxf5 29. exf5 Rxc4 30. Ra8+ Kf7 31. Ra7+ Ke8 32. Be3 g6 33.
Ra8+ Kd7 34. Ra7+ Rc7 35. Rxc7+ Kxc7 36. fxg6 hxg6 37. b3 f5 38. g3 Kc6 39. Kg2
Kd5 40. Kf3 e4+ 41. Ke2 Ne5 42. h3 Nf3 43. g4 fxg4 44. hxg4 Kc6 45. Ba7 Kd5 46.
Be3 Ne5 47. g5 Nf3 48. Kf2 Nh4 49. Ke2 Nf5 50. Kf2 Kc6 51. b4 Ne7 52. Ke2 Nd5
53. Bc5 Kb5 54. Bd6 Kc4 55. Bc5 Nc3+ 56. Ke3 Kd5 57. Be7 Nb5 58. Bc5 Nc7 59.
Ke2 Ne6 60. Be3 Kc4 61. Bd2 Nd4+ 62. Ke3 Kd5 63. Kf2 Nc2 64. Ke2 Kc4 65. Kf2
Kd3 66. Be1 e3+ 67. Kf1 e2+ 68. Kf2 Nd4 69. Kg3 Nc2 70. Kf2 Nd4 71. Kg3 Kc2 72.
Kf4 Kd1 73. Bf2 Ne6+ 74. Kg4 Nc7 75. Kf4 Nd5+ 76. Ke5 Nxb4 77. Kf6 Nd3 78. Bg3
Nf4 0-1

[Event "CAMPEONATO ESPAÑA EQUIPOS - CEBLUB PRIME"]
[Site "Barbera del Valles"]
[Date "2009.08.14"]
[Round "2"]
[White "ROMERO HOLMES, Alfonso"]
[Black "GRANADOS GOMEZ, Manuel"]
[Result "1-0"]
[WhiteElo "2512"]
[BlackElo "2407"]
[PlyCount "77"]
[EventDate "2009.08.13"]
[EventType "team"]
[EventRounds "3"]
[EventCountry "ESP"]
[WhiteTeam "C.A SESTA0 NATURGAS ENERGIA "]
[BlackTeam "FOMENT MARTINENC"]

1. e4 e5 2. Nc3 Nf6 3. Nf3 Nc6 4. a3 d5 5. Bb5 Nxe4 6. Nxe5 Qg5 7. Nxc6 Qxg2 8.
Rf1 Nxc3 9. dxc3 a6 10. Qe2+ Qe4 11. Qxe4+ dxe4 12. Nd4+ axb5 13. Nxb5 Bd6 14.
Nxd6+ cxd6 15. Rg1 g6 16. Bf4 d5 17. O-O-O Be6 18. Rd4 b5 19. Rgd1 Kd7 20. Rxe4
Kc6 21. Re5 h6 22. h4 Rae8 23. Rd4 f6 24. Re1 g5 25. Be3 Bf7 26. Kd2 Ra8 27.
Rb4 Rhe8 28. Rh1 Re6 29. hxg5 fxg5 30. Ra1 Rg6 31. a4 Rxa4 32. Raxa4 bxa4 33.
Rxa4 Kd7 34. Ra7+ Ke6 35. b4 h5 36. b5 h4 37. b6 h3 38. b7 Rg8 39. Ra8 1-0

[Event "CAMPEONATO ESPAÑA EQUIPOS - CEBLUB PRIME"]
[Site "Barbera del Valles"]
[Date "2009.08.14"]
[Round "2"]
[White "JEREZ PEREZ, Alfonso"]
[Black "GOMEZ ESTEBAN, Juan Mario"]
[Result "0-1"]
[WhiteElo "2388"]
[BlackElo "2478"]
[PlyCount "100"]
[EventDate "2009.08.13"]
[EventType "team"]
[EventRounds "3"]
[EventCountry "ESP"]
[WhiteTeam "FOMENT MARTINENC"]
[BlackTeam "C.A SESTA0 NATURGAS ENERGIA "]

1. e4 c5 2. Nf3 d6 3. d4 cxd4 4. Nxd4 Nf6 5. Nc3 a6 6. Bg5 e6 7. f4 h6 8. Bh4
Qb6 9. a3 Be7 10. Bf2 Qc7 11. Qf3 Nbd7 12. O-O-O Rb8 13. Bd3 b5 14. Rhe1 b4 15.
axb4 Rxb4 16. Nd5 exd5 17. exd5 Nb8 18. h3 Ra4 19. Kb1 Qa5 20. Nb3 Qxd5 21. Qe2
Nc6 22. g4 Qg2 23. Nd4 Rxd4 24. Bxd4 Qxe2 25. Bxe2 Nxd4 26. Rxd4 Kd8 27. Ra4
Nd7 28. Ra5 Nb8 29. Bc4 Rf8 30. Re3 f5 31. gxf5 Rxf5 32. Rxf5 Bxf5 33. Rb3 Kc7
34. Bd5 Nc6 35. Rc3 Bd7 36. Bc4 Bf6 37. Ra3 a5 38. Bd5 Nb4 39. Be4 d5 40. Bg6
a4 41. Rf3 d4 42. Be4 Kd6 43. Ra3 Kc5 44. Rf3 Nd5 45. Ka2 Ne3 46. c3 Be6+ 47.
Kb1 Nc4 48. Kc2 dxc3 49. bxc3 a3 50. f5 a2 0-1

[Event "CAMPEONATO ESPAÑA EQUIPOS - CEBLUB PRIME"]
[Site "Barbera del Valles"]
[Date "2009.08.14"]
[Round "2"]
[White "WOJTASZEK, Radoslaw"]
[Black "POSTNY, Evgeny"]
[Result "1/2-1/2"]
[WhiteElo "2637"]
[BlackElo "2647"]
[PlyCount "65"]
[EventDate "2009.08.13"]
[EventType "team"]
[EventRounds "3"]
[EventCountry "ESP"]
[WhiteTeam "C.A. ALZIRA-ALZICAPITAL"]
[BlackTeam "CLUB ESCACS BARBERA"]

1. d4 d5 2. c4 c6 3. Nc3 Nf6 4. e3 a6 5. Qc2 g6 6. Bd3 Bg7 7. Nf3 O-O 8. O-O
Bg4 9. Ne5 Be6 10. c5 Nbd7 11. Nxd7 Qxd7 12. b4 Bf5 13. Bxf5 gxf5 14. a4 Kh8
15. f3 Rg8 16. Bd2 Bh6 17. Qd3 Rg7 18. f4 Ne4 19. Nxe4 fxe4 20. Qe2 Rgg8 21.
Be1 f5 22. Bc3 Bg7 23. Rfb1 Rgb8 24. b5 axb5 25. axb5 Qc8 26. Rxa8 Rxa8 27.
bxc6 bxc6 28. Be1 Bf6 29. Qb2 Qa6 30. Qb7 Qa2 31. Rb2 Qa1 32. Rb1 Qa2 33. Rb2
1/2-1/2

[Event "CAMPEONATO ESPAÑA EQUIPOS - CEBLUB PRIME"]
[Site "Barbera del Valles"]
[Date "2009.08.14"]
[Round "2"]
[White "LEMOS, Damian"]
[Black "MACIEJA, Bartlomiej"]
[Result "1/2-1/2"]
[WhiteElo "2547"]
[BlackElo "2612"]
[PlyCount "53"]
[EventDate "2009.08.13"]
[EventType "team"]
[EventRounds "3"]
[EventCountry "ESP"]
[WhiteTeam "CLUB ESCACS BARBERA"]
[BlackTeam "C.A. ALZIRA-ALZICAPITAL"]

1. d4 Nf6 2. c4 g6 3. Nc3 d5 4. Nf3 Bg7 5. e3 O-O 6. cxd5 Nxd5 7. Bc4 Nxc3 8.
bxc3 c5 9. O-O Qc7 10. Qe2 Bg4 11. Rb1 Nd7 12. Bd3 e5 13. h3 Bxf3 14. Qxf3 exd4
15. Rxb7 Qd6 16. exd4 cxd4 17. Bf4 Ne5 18. Bxe5 Bxe5 19. cxd4 Qxd4 20. Rxf7
Rxf7 21. Qxa8+ Kg7 22. Qe4 Qxe4 23. Bxe4 Rd7 24. Bc2 Rd2 25. Bb3 Bd4 26. g3 a5
27. Kg2 1/2-1/2

[Event "CAMPEONATO ESPAÑA EQUIPOS - CEBLUB PRIME"]
[Site "Barbera del Valles"]
[Date "2009.08.14"]
[Round "2"]
[White "SANCHEZ GUIRADO, Francisco"]
[Black "ASIS GARGATAGLI, Hipolit"]
[Result "1/2-1/2"]
[WhiteElo "2393"]
[BlackElo "2439"]
[PlyCount "58"]
[EventDate "2009.08.13"]
[EventType "team"]
[EventRounds "3"]
[EventCountry "ESP"]
[WhiteTeam "C.A. ALZIRA-ALZICAPITAL"]
[BlackTeam "CLUB ESCACS BARBERA"]

1. d4 Nf6 2. Nf3 g6 3. c4 Bg7 4. Nc3 d5 5. Bg5 Ne4 6. cxd5 Nxg5 7. Nxg5 e6 8.
Nf3 exd5 9. e3 O-O 10. Bd3 c6 11. O-O Be6 12. Rc1 Nd7 13. Na4 Rc8 14. b4 Qe7
15. Nc5 b6 16. Nxd7 Bxd7 17. Qb3 Rfd8 18. Rc2 Bf8 19. Rb1 c5 20. bxc5 bxc5 21.
dxc5 Rxc5 22. Qb7 Ba4 23. Qxe7 Bxe7 24. Rxc5 Bxc5 25. Nd4 Bxd4 26. exd4 Rc8 27.
g3 Rc3 28. Bf1 Rc2 29. Bg2 Rd2 1/2-1/2

[Event "CAMPEONATO ESPAÑA EQUIPOS - CEBLUB PRIME"]
[Site "Barbera del Valles"]
[Date "2009.08.14"]
[Round "2"]
[White "ALONSO MOYANO, Jonathan"]
[Black "IBAÑEZ AULLANA, Jose Ramon"]
[Result "1-0"]
[WhiteElo "2365"]
[BlackElo "2273"]
[PlyCount "104"]
[EventDate "2009.08.13"]
[EventType "team"]
[EventRounds "3"]
[EventCountry "ESP"]
[WhiteTeam "CLUB ESCACS BARBERA"]
[BlackTeam "C.A. ALZIRA-ALZICAPITAL"]

1. e4 c5 2. Nc3 Nc6 3. Bb5 Nd4 4. Bc4 e6 5. Nge2 Nf6 6. O-O a6 7. d3 d5 8. exd5
exd5 9. Nxd5 Nxd5 10. Nxd4 Nb6 11. Re1+ Be7 12. Bg5 f6 13. Bxf6 gxf6 14. Qh5+
Kd7 15. Ne6 Qe8 16. Qf5 Qg6 17. Nf8+ Kd8 18. Nxg6 Bxf5 19. Nxe7 Bd7 20. Nd5
Nxd5 21. Bxd5 Kc7 22. Re7 Rae8 23. Rxe8 Rxe8 24. Kf1 Kd6 25. Bf3 Be6 26. Re1 f5
27. Re3 b5 28. Ke1 Rb8 29. b3 a5 30. Kd2 a4 31. Re1 c4 32. dxc4 bxc4 33. bxa4
Rb2 34. a3 Ra2 35. Re3 f4 36. Re4 Rxa3 37. Rxf4 Rxa4 38. g3 Ke5 39. Re4+ Kf5
40. Re3 Kf6 41. Be4 h5 42. Kc3 Ra1 43. Bf3 Bf7 44. Be2 Rc1 45. Kd2 Ra1 46. Re4
Ra4 47. Rf4+ Kg7 48. h4 Kf8 49. Kc3 Ke7 50. Bxc4 Bxc4 51. Rxc4 Ra3+ 52. Kd2 Ke8
1-0

[Event "CAMPEONATO ESPAÑA EQUIPOS - CEBLUB PRIME"]
[Site "Barbera del Valles"]
[Date "2009.08.15"]
[Round "3"]
[White "MARIN, Mihail"]
[Black "WOJTASZEK, Radoslaw"]
[Result "1/2-1/2"]
[WhiteElo "2583"]
[BlackElo "2637"]
[PlyCount "72"]
[EventDate "2009.08.13"]
[EventType "team"]
[EventRounds "3"]
[EventCountry "ESP"]
[WhiteTeam "FOMENT MARTINENC"]
[BlackTeam "C.A. ALZIRA-ALZICAPITAL"]

1. Nf3 Nf6 2. g3 g6 3. Bg2 Bg7 4. O-O O-O 5. c4 d6 6. d4 Nbd7 7. Nc3 e5 8. e4
a6 9. h3 exd4 10. Nxd4 Re8 11. Re1 Rb8 12. Rb1 Nc5 13. b4 Ne6 14. Nde2 b5 15.
cxb5 axb5 16. Be3 Nd7 17. f4 Nb6 18. Qd3 c6 19. Bf2 Ba6 20. a4 Nc7 21. axb5
Nxb5 22. Ra1 Qc8 23. Ra2 d5 24. e5 Nxc3 25. Qxc3 Bxe2 26. Rexe2 Nc4 27. Bc5 Bf8
28. Bxf8 Rxf8 29. Ra7 Qd8 30. Qd4 Qb6 31. Qxb6 Rxb6 32. Rc7 Rxb4 33. Rxc6 d4
34. Be4 Rd8 35. Rc2 Ne3 36. Rc8 Rb8 1/2-1/2

[Event "CAMPEONATO ESPAÑA EQUIPOS - CEBLUB PRIME"]
[Site "Barbera del Valles"]
[Date "2009.08.15"]
[Round "3"]
[White "MACIEJA, Bartlomiej"]
[Black "LLANEZA VEGA, Marcos"]
[Result "1-0"]
[WhiteElo "2612"]
[BlackElo "2521"]
[PlyCount "111"]
[EventDate "2009.08.13"]
[EventType "team"]
[EventRounds "3"]
[EventCountry "ESP"]
[WhiteTeam "C.A. ALZIRA-ALZICAPITAL"]
[BlackTeam "FOMENT MARTINENC"]

1. Nf3 c5 2. c4 Nc6 3. d4 cxd4 4. Nxd4 g6 5. e4 Bg7 6. Be3 Nf6 7. Nc3 d6 8. Be2
O-O 9. O-O Bd7 10. Rc1 Nxd4 11. Bxd4 Bc6 12. f3 Nd7 13. Be3 a5 14. b3 Nc5 15.
Qd2 Qb6 16. Rc2 Qb4 17. Rb1 f5 18. exf5 Rxf5 19. Qc1 Qb6 20. a3 Qd8 21. Qd2 Qf8
22. Nd5 Bxd5 23. cxd5 a4 24. b4 Nb3 25. Qd1 Qf6 26. Bc4 Rh5 27. Bf2 Qf4 28. g3
Qh6 29. h4 g5 30. Be3 Qg6 31. Bd3 Qf7 32. Bxg5 h6 33. g4 hxg5 34. gxh5 Nd4 35.
Rf2 Qf4 36. Be4 Qxh4 37. Rg2 Rf8 38. Qd3 Be5 39. Rf1 Rf4 40. Rff2 b5 41. Rh2
Qg3+ 42. Rhg2 Qh4 43. Rh2 Qg3+ 44. Kf1 Rh4 45. Bh7+ Kf8 46. Qg6 e6 47. dxe6 Qf4
48. Rxh4 gxh4 49. Qg8+ Ke7 50. Qf7+ Qxf7 51. exf7 Bg3 52. Rd2 Nxf3 53. Rd5 Be5
54. Bg6 h3 55. Rxb5 h2 56. Kg2 1-0